[Event "Alushta1"]
[Site "Alushta"]
[Date "1994.??.??"]
[Round "5"]
[White "Moskalenko, Viktor"]
[Black "Lempert, Igor"]
[Result "1-0"]
[WhiteElo "2535"]
[BlackElo "2495"]
[Annotator "Glatman,V"]
[PlyCount "82"]
[EventDate "1994.01.??"]
[EventType "tourn"]
[EventRounds "9"]
[EventCountry "UKR"]
[EventCategory "8"]
[SourceTitle "CBM 040"]
[Source "ChessBase"]
[SourceDate "1994.06.01"]
[SourceVersion "1"]
[SourceVersionDate "1994.06.01"]
[SourceQuality "1"]

1. d4 e6 2. c4 b6 3. e4 Bb7 4. d5 (4. Nc3 Bb4 5. d5 (5. Bd3 Nf6 6. Qc2 c5 7. d5
d6 8. f4 $6 (8. Nf3 $14) 8... exd5 9. cxd5 O-O 10. Nge2 Nbd7 11. O-O Ng4 12. h3
c4 $1 $15 {Rohde Jensen-Tyshkovec/corr/1987/0:1 (40) Inf 57/54/}) 5... Qe7 6.
Be2 $6 (6. Nge2 Nf6 7. f3 exd5 8. cxd5 c6 9. dxc6 dxc6 $10) 6... Nf6 7. f3 exd5
8. cxd5 c6 9. dxc6 Nxc6 10. Nh3 d5 $1 $15 {Polgar,Zsu-Speelman,J/NED/1993/0:1 
(18) Inf 57/53/}) (4. Bd3 $1 Nc6 5. Ne2 $1 (5. Nf3 Nb4 6. O-O Ne7 7. Nc3 Nxd3
8. Qxd3 Ng6 9. a3 {Sosonko,G-Miles,A/Tilburg/1985/0,5 (9)/}) 5... Nb4 6. O-O
Nxd3 7. Qxd3 d6 8. Nbc3 Nf6 9. d5 Be7 10. Nd4 Qd7 11. b3 c6 12. dxc6 Bxc6 13.
Ba3 $14 {Epishin,V-Ehlvest,J/Novosibirsk/1993/1:0 (36) Inf 58/64/}) 4... exd5 (
4... Nf6 5. Bd3 (5. e5 $5) 5... b5 (5... exd5 $5) 6. cxb5 exd5 7. exd5 Bxd5 8.
Nf3 Bb4+ 9. Nc3 Qe7+ 10. Be3 $1 Ng4 11. O-O Nxe3 12. fxe3 Qxe3+ 13. Kh1 Be6 14.
Qc2 c6 15. Ne4 $14 {Gulko,B-Ornstein,A/tallinn/1977/ Inf 23/110/}) 5. exd5 (5.
cxd5 Qh4 6. Bd3 Nf6 7. Qe2 Bb4+ 8. Bd2 Bxd2+ 9. Nxd2 O-O 10. O-O-O $13) 5...
Bb4+ 6. Bd2 (6. Nc3 $6 Bxc3+ 7. bxc3 Qe7+ $15) 6... Qe7+ 7. Be2 (7. Qe2 Bxd2+
8. Nxd2 c6 $10) 7... c6 8. Nh3 $1 (8. Nf3 cxd5 9. O-O Nf6 10. Re1 O-O $15) (8.
dxc6 dxc6 (8... Nxc6 $5) 9. Nf3 Nf6 10. O-O O-O $10) 8... Nf6 9. O-O O-O (9...
cxd5 10. Bf3 O-O 11. Nf4 Na6 12. Nc3 $16) 10. Bf3 Bxd2 11. Qxd2 Na6 12. Nc3 (
12. d6 $5 Qe5 13. Nc3 $14) 12... Qb4 $1 (12... Nc5 13. b4 Na6 14. a3 $16) (
12... cxd5 13. Nf4 Nc7 14. Rad1 $16) 13. b3 cxd5 14. Rad1 Ne4 $1 15. Bxe4 dxe4
16. Nf4 Rad8 17. Qd4 $44 f5 (17... Nc5 18. Ncd5 Bxd5 19. Nxd5 Qa3 20. b4 Ne6
21. Qxe4 $14) (17... Rfe8 18. Ncd5 Bxd5 19. Nxd5 Qa3 20. Rfe1 $44) 18. Nb5 Qc5
$8 19. Nxa7 $14 g5 $6 (19... Qxd4 20. Rxd4 Nc5 21. Nb5 $16) 20. Nd5 Bxd5 21.
Qxd5+ Qxd5 22. Rxd5 Nc7 23. Rd2 f4 $6 (23... d5 $2 24. Nc6 Rd6 (24... Rd7 25.
cxd5 $16) 25. Ne7+ (25. cxd5 $1 Kg7 26. Nb4 Kf6 27. Rc1) 25... Kf7 26. Nxd5
Nxd5 27. cxd5 Rfd8 28. Rfd1 Kf6 29. Kf1 Ke5 $10) (23... Ra8 $5 24. Nb5 Nxb5 25.
cxb5 Ra3 $1 $14) 24. Re1 Rfe8 25. a4 d5 26. Nc6 Rd6 27. Nb4 d4 $6 (27... Red8
28. cxd5 Nxd5 29. Red1 e3 $8 30. fxe3 fxe3 31. Rxd5 e2 32. Re1 Rxd5 33. Nxd5
Rxd5 34. Rxe2 Rd3 $16) 28. Nd5 $1 Nxd5 29. Rxd4 e3 $6 (29... Kf7 30. cxd5 Kf6
31. Rexe4 Rxe4 32. Rxe4 Rxd5 33. Kf1 $16) 30. fxe3 fxe3 31. cxd5 Re5 32. Rd3
Rdxd5 (32... Kf7 $5) 33. Rxd5 Rxd5 34. Rxe3 Rd1+ 35. Kf2 Rb1 $6 (35... Rd6 $5)
36. Kf3 Rb2 37. h3 Kf7 38. g4 h6 39. Rc3 Ke7 40. Ke4 Kf7 41. Kd5 Rf2 1-0

[Event "EU-Cup 21st"]
[Site "Saint Vincent"]
[Date "2005.09.24"]
[Round "7.5"]
[White "Cacco, Christian"]
[Black "Golod, Vitali"]
[Result "0-1"]
[WhiteElo "2348"]
[BlackElo "2582"]
[Annotator "Golod,V"]
[PlyCount "100"]
[EventDate "2005.09.18"]
[EventType "team-swiss"]
[EventRounds "7"]
[EventCountry "ITA"]
[SourceTitle "CBM 110"]
[Source "ChessBase"]
[SourceDate "2006.01.31"]
[SourceVersion "1"]
[SourceVersionDate "2006.01.31"]
[SourceQuality "1"]
[WhiteTeam "Liege"]
[BlackTeam "Beer Sheva"]
[WhiteTeamCountry "BEL"]
[BlackTeamCountry "ISR"]

1. d4 g6 {I didn't want to go for quiet positions, which are achieved by: 1...
Nf6 or 1...d5 in my opponent's repertoire.} 2. g3 Bg7 3. Bg2 c5 4. e3 {I was
ready to play such a position.} Nf6 5. c3 Qc7 {[%csl Yc7][%cal Yc7c5]} ({
Before that, this was seen once:} 5... cxd4 $5) 6. Na3 $146 {Christian Cacco
is preparing "e4". The move made in the game, doesn't look very good. But in
my view, it seems more logical than:} (6. Ne2 $143 O-O $140 7. Nd2 d6 8. O-O
Bd7 9. Kh1 Bc6 10. e4 e6 11. Qc2 Nbd7 $15 {Dryja,P-Zielinska,M/Lubniewice,2002
(0-1)(32)}) 6... d5 7. Ne2 O-O 8. O-O Rd8 $11 {It became already clear, that
Black has decided all opening problems.} 9. h3 {As we found out later, this
was the beginning of a rather complicated plan, which was to relocate the
bishop to "g3".} (9. dxc5 $143 Qxc5 10. e4 Nc6 11. Be3 Qa5 $36) 9... a6 {
><b5; /\b5} ({It was possible to get by, without this preventive move:} 9... b6
$5) 10. Bd2 ({This deserves serious attention:} 10. dxc5 $5 Qxc5 11. e4 Nc6 12.
Be3 Qd6 $11 13. Bb6 $140 $6 Rd7 {ץb6}) 10... b5 11. g4 Bb7 12. Be1 {My
opponent is making great moves on his part of the board :)} Nbd7 {It was
necessary to decide on the more active continuation:} (12... e5 $5 13. f3 Qe7
14. Bg3 Nc6 $15 {()}) 13. f3 Rac8 14. Bg3 Qb6 15. Nc2 a5 {/\b4 Black's
position is better due to a better pawn structure.} 16. a3 $5 Ne8 $140 (16...
a4 $142 {with a blockade of White's pawns of the queenside.}) 17. b4 cxb4 18.
cxb4 (18. axb4 $143 a4 {o^}) 18... e5 (18... Nd6 {/\Nc4} 19. bxa5 $1 Qxa5 $140
20. Bxd6 exd6 21. g5 {/\f4 ~~}) 19. Bh4 $1 {I saw this option, only after I
made my previous move.} Bf6 ({Leads to a quieter game:} 19... f6 20. dxe5 Nxe5
21. Ned4 Nc4 $11) 20. bxa5 Qxa5 21. Bxf6 Nexf6 22. Nb4 ({A little prematurely:
} 22. dxe5 Nxe5 23. g5 Ne8 24. Ned4 Nd6 $36) 22... Re8 (22... Ne8 $142 {
/\Nd6-c4}) 23. Qd3 exd4 $6 (23... Nb6 $142 {/\Nc4} 24. g5 Nfd7 $13) 24. exd4 $2
{White did not use my discrepancy:} (24. Nxd4 Rc4 (24... Nc5 $2 25. Qxb5 Qxb5
26. Nxb5 Rxe3 27. g5 Ne8 28. Rac1 {+/=/+/-}) 25. Rfe1 (25. g5 $143 Nc5 26. Qd2
Nh5 $13) 25... Nc5 26. Qd2 {+/=/=}) 24... Nb6 $36 {[%csl Ra3,Re3][%cal Gb6c4,
Cg4g5,Cg5f6,Ge8e3] Now Black develops a strong initiative, some of his pieces
are ready for this purpose.} 25. Rfe1 $6 Nc4 $140 26. Kf2 $2 {Absolutely
unexpectedly White gives away his queen for his opponent's R + N} Re3 27. Qxe3
Nxe3 28. Kxe3 Nd7 $17 29. Red1 Qd8 {I get my queen to the kingside, and bring
my knight to an ideal spot - on "c4", as well.} 30. Kf2 Nb6 31. Bf1 ({I do not
think that this was much better:} 31. f4 Qh4+ 32. Kg1 Qe7 $17 {פe2, ><e3; /
\Nc4}) 31... Qh4+ 32. Kg2 Nc4 33. Rd3 Re8 {[%csl Re3][%cal Gc4e3] White's
position gets worse with every move.} 34. Nc2 Bc8 {My main goal is - to get my
light squared bishop into the game. Please pay attention to how I manage it.}
35. Nc3 Qg5 36. Kg3 (36. Nxb5 $6 h5 {with the threat: 37...hxg4 /\38.hxg4 Bf5!}
) 36... h5 $1 37. f4 (37. h4 $143 Qd8 38. Nxb5 hxg4 $19 {[%csl Rb5][%cal Cf3g4,
Gd8d7,Gd7b5,Gd7g4]}) 37... h4+ 38. Kf3 Qd8 $19 {I expected this move, when I
made 36...h5!} 39. Ne3 {White could not take away "Pb5":} (39. Nxb5 $2 Qa5 40.
a4 $8 (40. Rb1 $2 Nd2+) (40. Nc3 $2 Nd2+ $1 (40... Nb2 $5 41. Nb4 Nxd3 42. Bxd3
Qb6 43. Ne2 Qe6 $19) 41. Kf2 Nxf1 42. Rxf1 Ba6 $19) 40... Nd2+ (40... Ba6 $5)
41. Kf2 Nxf1 42. Kxf1 Ba6 $19) 39... g5 $1 {עf3 I made this move in the most
suitable moment.} 40. Bg2 {/\Nexd5} (40. f5 $2 Qd6 41. Ne2 Qh2 {/\42...Rxe3 43.
Rxe3 Nd2#} 42. Ra2 Bb7 $19 {[%csl Gb7,Rf3][%cal Gc4e5]}) 40... Nxe3 $1 {
After all the exchanges on "e3" I win Pf4, and shortly, the game.} (40... Nb2
$143 41. Rd2 Rxe3+ 42. Kxe3 Nc4+ 43. Kd3 Nxd2 44. Kxd2 Qd6 {-/+/-+}) 41. Rxe3
Rxe3+ 42. Kxe3 gxf4+ 43. Kd3 (43. Kxf4 $4 Qc7+) 43... Ba6 {[%csl Rc3,Rd3][%cal
Gb5b4]} 44. Kc2 Qf6 {קd4; /\f3} 45. Rd1 (45. Bxd5 $142 Qxd4 $140 46. Rd1 Qe3
47. Rd3 Qe7 {קa3; /\b4 -+}) 45... f3 46. Bf1 f2 $1 47. Nxb5 {Other
alternatives are also forced losses:} (47. Nxd5 Qc6+ 48. Nc3 b4 49. axb4 Bxf1
50. Rxf1 Qg2 $19) ({and} 47. Nb1 b4 $1 48. axb4 Bxf1 49. Rxf1 Qxd4 50. Nd2 (50.
Nc3 Qe3 {/\d4}) 50... Qe3 51. b5 d4 52. b6 Qc3+ 53. Kd1 d3 {[%csl Rd1][%cal
Gc3a1,Cf1f2,Gc3c2]}) 47... Qc6+ 48. Nc3 Bc4 {/\Qa6} 49. Kd2 (49. Bg2 Qa6 {/\f1Q
}) 49... Qh6+ $1 {The final chord!} 50. Kc2 $140 (50. g5 Qxg5+ 51. Kc2 Bxf1 52.
Rxf1 Qg2) 50... Qa6 0-1

[Event "Tata Steel-C 74th"]
[Site "Wijk aan Zee"]
[Date "2012.01.29"]
[Round "13"]
[White "Grover, Sahaj"]
[Black "Sadler, Matthew D"]
[Result "1/2-1/2"]
[WhiteElo "2532"]
[BlackElo "2660"]
[Annotator "Grover,S"]
[PlyCount "164"]
[EventDate "2012.01.14"]
[EventType "tourn"]
[EventRounds "13"]
[EventCountry "NED"]
[EventCategory "9"]
[SourceTitle "CBM 147"]
[Source "ChessBase"]
[SourceDate "2012.03.16"]
[SourceVersion "1"]
[SourceVersionDate "2012.03.16"]
[SourceQuality "1"]

{This was the last round of Tata Steel, the tournament hadn't gone so well for
me, so right now I just wanted to finish the game as quickly as possible and
go home!} 1. d4 e6 2. c4 b6 {I was a little surprised at the choice of his
opening, though I prepared the same line against Elizabeth Paehtz.} 3. e4 Bb7
4. Bd3 (4. Nc3 Bb4 5. Bd3 f5 {leads to a lot of complications, and I was too
tired to think at this position :)}) 4... Nc6 (4... Bb4+ 5. Bd2) 5. Ne2 Nb4 6.
Nbc3 Nxd3+ 7. Qxd3 Ne7 {I had forgotten my prepration after this point.} 8. d5
{Stopping d5.} d6 9. f4 Qd7 10. O-O Ng6 11. Qg3 $5 (11. a4 a5 12. Nd4 {is
another way to go}) 11... Be7 12. f5 exf5 13. exf5 Ne5 14. b4 $2 ({Initially I
was going to play} 14. Qxg7 $6 O-O-O 15. b3 h5 $1 {is what I had missed before,
sadly Black gets a lot after this} 16. Qg3 Rdg8 17. Qh3 Rg4 {with many threats
to come.}) (14. b3 {Was better, followed by a4-a5.}) 14... O-O-O $1 {While
analysing, I had totally forgotten about this move.} 15. Be3 (15. c5 $2 dxc5
16. Qxe5 Rhe8 $1 {With an almost winning position for Black.}) 15... Nxc4 16.
Bd4 Rde8 (16... Rhg8 $5 {was better perhaps, with the idea of- Ne5,Bf6,g6.})
17. Qxg7 Bd8 $2 (17... Rhg8 $1 18. Qxf7 c5 $1 19. Bf2 (19. bxc5 dxc5 20. Bf2
Nd2) 19... cxb4 20. Ne4 Bd8 21. Qxd7+ Kxd7 $19) 18. Qg3 $5 Rhg8 19. Qd3 Ne5 20.
Bxe5 Rxe5 21. Nd4 {The computer likes Black's position here, I honestly don't
see why :)} Bg5 22. Kh1 Be3 {I remember at this point, My opponent got into
severe time trouble.} 23. Nf3 Ree8 24. a4 a6 25. Rae1 Bh6 26. b5 a5 {White is
already much better, I honestly dont know how!} 27. Ne4 Qd8 28. h3 Kb8 29. Re2
Ka7 30. Qc4 Bg7 31. Rc1 Kb8 32. f6 Bh6 33. Rcc2 {In the future, this move will
turn out to be a blunder!} (33. Rc3 {was more prophylactic!}) 33... Qd7 34. Nd4
Bf4 35. Nc6+ Bxc6 36. bxc6 Qc8 37. Rb2 $6 {In time pressure, I totally forgot
about his following move, if the rook had been on c3, Rg2 would have never
been possible.} (37. Rc3 $1) 37... Rxg2 $1 38. Rxg2 Qxh3+ 39. Kg1 Be3+ 40. Nf2
(40. Rbf2 $2 Ka7 $1 41. Rg3 Rxe4 42. Rxh3 Bxf2+ 43. Kxf2 Rxc4) 40... Bxf2+ 41.
Rbxf2 Re1+ 42. Rf1 Qe3+ 43. Kh2 Qh6+ 44. Kg3 (44. Kg1 Qe3+ $11) 44... Qg5+ 45.
Kh3 Qh5+ 46. Qh4 {This was the only way to escape from the perpetual checks.}
Qxh4+ 47. Kxh4 Rxf1 48. Rg8+ Ka7 49. Rc8 Rxf6 $8 50. Kg5 $5 (50. Rxc7+ Kb8 (
50... Ka6 $4 51. Rc8 $1 Ka7 52. Rd8 $18) 51. Rb7+ Kc8 52. Kg5 (52. Rxb6 Rf4+
53. Kg5 Rxa4 $11) 52... Rf2 $11) 50... Rg6+ (50... Rf2 51. Rxc7+ Kb8 52. Rd7 $1
f6+ (52... Ra2 $2 53. Kf6 $1 Rxa4 54. Ke7 $18) 53. Kh6 Rf4 54. Kg7 Rxa4 55.
Kxf6) 51. Kf5 h5 52. Rxc7+ Kb8 53. Rxf7 Rh6 $4 (53... Rg8 $1 54. Rb7+ (54. Ke6
Rh8 (54... h4 $2 55. Rh7 $18) 55. Kxd6 h4 56. Kd7 h3 57. c7+ Kb7 58. d6 h2 59.
Rf1 Rh7+ $11) 54... Kc8 55. Rxb6 h4) {Before even thinking a second, I played}
54. Kg5 $4 (54. Rf8+ $1 Kc7 55. Re8 $3 {Its really sad that I missed this.} h4
56. Kg5 Rh7 57. Kg6 $18 {[%csl Rh7]}) 54... Rh8 {and now it's a clear draw.}
55. Kh4 Re8 56. Rd7 Re4+ 57. Kh3 Rxa4 58. Rxd6 Rc4 59. Rd7 Kc8 60. Rb7 Rc5 61.
Rxb6 Rxd5 62. Ra6 Kc7 63. Kh4 Rc5 64. Kh3 Kd6 65. Kh4 Re5 66. Kh3 Rf5 67. Kh4
Kc7 68. Kh3 Rf3+ 69. Kh4 Rf5 70. Kh3 Re5 71. Kh4 Rd5 72. Kh3 Rd3+ 73. Kh4 Ra3
74. Kxh5 a4 75. Kg4 Kd6 76. Kf4 Ra1 77. Ke3 a3 78. Kd2 a2 79. Kc2 Rh1 80. Rxa2
Rh2+ 81. Kb3 Rxa2 82. Kxa2 Kxc6 1/2-1/2

[Event "Lost Boys op"]
[Site "Antwerp"]
[Date "1998.08.06"]
[Round "6"]
[White "Gurevich, Mikhail"]
[Black "Zoler, Dan"]
[Result "1-0"]
[WhiteElo "2635"]
[BlackElo "2495"]
[Annotator "Gurevich,M"]
[PlyCount "65"]
[EventDate "1998.08.??"]
[EventType "swiss"]
[EventRounds "9"]
[EventCountry "BEL"]
[SourceTitle "CBM 067"]
[Source "ChessBase"]
[SourceDate "1998.11.30"]
[SourceVersion "2"]
[SourceVersionDate "1998.11.01"]
[SourceQuality "1"]

1. d4 Nc6 2. c4 e5 3. d5 Bb4+ 4. Nd2 Nce7 5. a3 Bxd2+ 6. Bxd2 d6 (6... f5 7. e4
Nf6 8. exf5 d6 9. g4 h5 10. g5 Ne4 11. f6 gxf6 12. Be2 Bf5 13. Bxh5+ Kd7 $44 {
0-1 Bykhovsky,A-Zoler,D/Tel Aviv 1996/EXP 55 (41)}) 7. e4 f5 8. Qh5+ $5 {TN} (
8. Bd3 fxe4 9. Bxe4 Nf6 10. Qc2 Nxe4 11. Qxe4 O-O 12. Ne2 Bf5 $15 {1-0 Hoi,
C-Furhoff,J/Copenhagen 1993/EXT 93op (26)}) 8... Kf8 (8... g6 9. Qh4 fxe4 $13)
9. f3 $1 Nf6 10. Qh4 Ng6 11. Qf2 Kf7 $6 (11... fxe4 12. fxe4 Kf7 $1 13. Nf3 Rf8
14. Bd3 Kg8 $13) 12. exf5 $1 Bxf5 13. g4 Bd7 14. h4 Re8 15. h5 Nf4 16. O-O-O
$36 {With idea 17.Bxf4 exf4 18.g5} Ba4 17. Re1 b5 (17... c6 $5) 18. Nh3 $1 (18.
Bxf4 exf4 19. g5 Nd7 20. g6+ Kg8 21. gxh7+ Kh8 $132) 18... Nxh3 19. Rxh3 Qd7 $5
(19... bxc4 20. g5 Nxd5 21. Bxc4 c6 22. f4 $36 (22. g6+ $5 $36)) 20. Rh4 $1 (
20. g5 Qf5 21. Be3 Nd7 $132) 20... bxc4 (20... h6 21. Bh3 $1 Qe7 22. g5 $40)
21. g5 Nxd5 (21... Qf5 22. Rxc4 $16) 22. Bxc4 Qc6 23. Kb1 $44 Bb5 24. Ba2 Kf8
$5 (24... Kg8 25. g6 $36 h6 26. Bxh6 $1 gxh6 27. Qd2 $16) 25. f4 e4 $2 $138 (
25... Qb6 $5 26. Rh2 $1 Bd3+ 27. Ka1 Qxf2 28. Rxf2 c6 29. fxe5+ Ke7 30. Bxd5
cxd5 31. Bb4 $16) 26. Qd4 $1 $18 Bd3+ 27. Ka1 e3 (27... Nb6 28. h6 Qd7 29. g6
c5 30. hxg7+ $18) 28. h6 $1 Re5 29. hxg7+ Ke7 30. fxe5 exd2 31. exd6+ Kxd6 32.
Rh6+ Bg6 33. Qxd2 1-0